=LDR 00000nam 2200000 4500 =001 INLIS000000000001784 =005 20141013175535.0 =006 =007 =008 Ind =035 ##$$a 0010-061300000001784 =041 ##$$a Ind =082 ##$$a 611.8 =090 ##$$a 611.8, Sne n =100 ##$$a Snell, Richard S =245 ##$$a Neuroanatomi klinik untuk mahasiswa kedokteran, Richard S.Snell; alih bahasa, Med.Adji Dharma =260 ##$$a 1992 $b Jakarta =300 ##$$a vii,45 hlm; ilus, 24 cm =650 ##$$a Neuroanatomi =700 ##$$a Dharma, Med.Aji =850 ##$$a NBPNMAT =990 ##$$a 94074/BPAP-NTB/2014 =990 ##$$a 0001/BPAP-NTB/20142014 =990 ##$$a 20601844 =990 ##$$a 20601844 =990 ##$$a 61.291-61.293/Pro.93 =990 ##$$a 61.291-61.293/Pro.93 =990 ##$$a 27.288/Pro.92 =990 ##$$a 27.288/Pro.92 =990 ##$$a DW99005563 =990 ##$$a DW99005563 =990 ##$$a DW99005564 =990 ##$$a DW99005564 =990 ##$$a 21400613/BPAP-NTB/20142014 =990 ##$$a 21400613/BPAP-NTB/20142014 =990 ##$$a 0001/BPAP-NTB/20142014 =990 ##$$a 0001/BPAP-NTB/20142014 =990 ##$$a 0001/BPAP-NTB/20142014 =990 ##$$a 0001/BPAP-NTB/20142014 =990 ##$$a 0001/BPAP-NTB/20142014 =990 ##$$a 0001/BPAP-NTB/20142014